000 00467nam a22001577a 4500
005 20250129121920.0
008 250129b |||||||| |||| 00| 0 eng d
020 _a8171798713
050 _aRB112.5 RED
100 _aReddy, Kasarla Rajeshwar
245 _aMedical Biochemistry for Nurses/
_cKasarla Rajeshwar Reddy
250 _a1st ed.
260 _aNew Delhi
_bJaypee Brothers Medical Publishers
_c2004
300 _a313p.
_bill.
_c21cm
942 _2lcc
_cBK
_e1st ed.
_n0
999 _c3207
_d3207